Ovinos /

Guardado en:
Autor Principal: Ameijeiras, Juan Carlos
Formato: Libro
Publicado: Buenos Aires : Junta Nacional de Carnes-escuela de Capacitación Técnica, 1977
Materias:
Etiquetas: Agregar Etiqueta
Sin Etiquetas, Sea el primero en etiquetar este registro!
LEADER 00521nam a22001695a 4500
001 CEM.cems015662
005 20100805175933.0
008 130507s1977##################000#0#####d
003 CEMS
082 0 4 |a 636.3 
100 1 |a Ameijeiras, Juan Carlos 
245 1 0 |a Ovinos /  |c Juan Carlos Ameijeiras, 
260 |a Buenos Aires :  |b Junta Nacional de Carnes-escuela de Capacitación Técnica,  |c 1977 
300 |a 22 p. 
653 |a Ganadería 
653 |a Ovinos 
859 |a CEMS  |b BIB. CEMS - Agricultura  |h 636.3  |i Am31  |p A12029.83  |t Ej.1  |v 1  |3 Vol. 1